| 000 | nam a22 7a 4500 | ||
|---|---|---|---|
| 999 |
_c22990 _d22990 |
||
| 008 | 170125b xxu||||| |||| 00| 0 eng d | ||
| 020 | _a0683090550 | ||
| 050 | _aR 123 .W476 1996 | ||
| 100 |
_aWillis, Marjorie Canfield _d1996 |
||
| 245 |
_aMedical Terminology / _bThe Language of Health Care _cMarjorie Canfield Willis |
||
| 260 |
_aBaltmore: _bWilliams&Wilkins, _c1996. |
||
| 300 |
_axi, 533 p.: _bill.; _c28cm. |
||
| 500 | _aincludes bibliographical references and index. | ||
| 650 | _2Medicine | ||
| 942 |
_2lcc _cBOOKS _hR 123 .W476 1996 _k30689 |
||